Livro com cheiro a chocolate (Registo nº 2652)

Detalhes MARC
000 -Etiqueta do registo
Cabeçalho 00880nam a22003131 4500
005 - Identificador da versão
Campo de controlo 20240813121940.0
095 ## -
-- PTBN00831897
010 ## - Número internacional normalizado dos livros (ISBN)
Número (ISBN) 9724729141
021 ## - Número do Depósito Legal
Código do país PT
Número 231917/05
100 ## - Dados gerais de processamento
Dados gerais de processamento 20070706d2006 cd y0pory5003 ba
102 ## - Pais de publicação ou produção
País de publicação Portugal
101 0# - Língua de publicação
Língua do texto, banda sonora, etc. Português
106 ## - Campo de dados codificados: material textual
Dados codificados do material textual r
105 ## - Campo de dados codificados: livros
Dados codificados dos livros a z 001fy
215 ## - Descrição física 
Indicação específica da natureza do documento e extensão da espécie 32 p.
Outras indicações físicas muito il.
Dimensões 31 cm
200 1# - Titulo e menção de responsabilidade
Título próprio Livro com cheiro a chocolate
Primeira menção de responsabilidade Alice Vieira
Outras menções de responsabilidade il. Daniela Gonçalves
225 2# - Colecção 
Título próprio da colecção Livro com cheiro
205 ## - Menção da edição
Menção da edição 1ª ed
210 ## - Publicação, Distribuição, etc. 
Lugar da edição, distribuição, etc. Lisboa
Nome do editor, distribuidor, etc. Texto
Data da publicação, distribuição, etc. 2006
300 ## - Notas gerais 
Texto da nota Obra integrada no Plano Nacional de Leitura
606 ## - Nome comum usado como assunto
Número de registo de entrada de autoridade 0000029
Palavra de ordem Literatura portuguesa infantil
Subdivisão de assunto Conto
675 ## - Classificação Decimal Universal (CDU)
Notação 821.134.3-34
Edição
Língua da edição por
702 #1 - Nome de autor-pessoa física (responsabilidade secundária)
Número de registo de entrada de autoridade 0001482
Palavra de ordem Gonçalves
Outra parte do nome não tomada para palavra de ordem Daniela
Código de função Ilustrador / Técnico de desenho computorizado
700 #1 - Nome de autor-pessoa física (responsabilidade principal)
Número de registo de entrada de autoridade 0001481
Palavra de ordem Vieira
Outra parte do nome não tomada para palavra de ordem Alice
942 ## - Elementos de entrada adicionados (Koha)
Tipo de item no Koha Livro
Exemplares
Situação do levantamento Origin of item (home branch) (coded) Biblioteca de empréstimo Código de barras Cota Circulation type (not for loan) Tipo de documento Nota do exemplar Damaged status Data de devolução
  Biblioteca Escolar da Coca Maravilhas Biblioteca Escolar da Coca Maravilhas BECM8114/07 8POR VIE   Livro Sem mensagem    
  Biblioteca Escolar da Coca Maravilhas Biblioteca Escolar da Coca Maravilhas BECM8115/07 8POR VIE   Livro Sem mensagem    
  Biblioteca Escolar da Coca Maravilhas Biblioteca Escolar da Coca Maravilhas BECM8116 8POR VIE   Livro Sem mensagem    
  Biblioteca Escolar da Coca Maravilhas Biblioteca Escolar da Coca Maravilhas BECM8117/07 8POR VIE   Livro Sem mensagem    
  Biblioteca Escolar da Coca Maravilhas Biblioteca Escolar da Coca Maravilhas BECM8118/07 8POR VIE   Livro Sem mensagem    
  Biblioteca Escolar da Coca Maravilhas Biblioteca Escolar da Coca Maravilhas BECM8119 8POR VIE   Livro Sem mensagem    
  Biblioteca Escolar da Coca Maravilhas Biblioteca Escolar da Coca Maravilhas BECM8120/07 8POR VIE   Livro Sem mensagem    
  Biblioteca Escolar da Coca Maravilhas Biblioteca Escolar da Coca Maravilhas BECM8121/07 8POR VIE   Livro Sem mensagem    
  Biblioteca Escolar da Coca Maravilhas Biblioteca Escolar da Coca Maravilhas BECM8122 8POR VIE   Livro Sem mensagem    
  Biblioteca Escolar da Coca Maravilhas Biblioteca Escolar da Coca Maravilhas BECM8123/07 8POR VIE   Livro Sem mensagem    
  Biblioteca Escolar da Coca Maravilhas Biblioteca Escolar da Coca Maravilhas BECM8124 8POR VIE   Livro Sem mensagem    
  Biblioteca Escolar da Coca Maravilhas Biblioteca Escolar da Coca Maravilhas BECM8125 8POR VIE   Livro Sem mensagem